Paris : Les arbres cachés dans les odonymes - Statistiques

Statistiques générales
  • Ce quiz a été pris 35 fois
  • Le résultat moyen est 11 sur 15
Statistiques - réponses
Hint Explanation Réponse % Correct
Ormeaux / Ormesson / Delorme Orme
96%
Boulay Bouleau
93%
Castagnary Châtaigner
93%
Delcassé / Duquesne / Chénier Cassanos = chêne en gaulois Chêne
93%
Richepin / Dupin Pin
93%
Freycinet / Fresnel / Dufresne Frêne
89%
Boissonade / Buisson Buis
86%
Tronson du Coudray Coudrier
86%
Falguière Ficaria = fougeraie en latin Fougère
86%
Delaunay / Duvernois / Vergniaud Verne est le nom de l'aulne dans le sud Aulne
75%
Boissy d'Anglas / Dubois / Bombois Bois
75%
Gauguin / Noguès Gaugue en latin, nogue en provençal = Noyer Noyer
61%
Linné Lin = tilleul en suédois Tilleul
50%
Selves / Rosenwald Silva en latin, Wald en allemand = forêt Forêt
43%
Fayolle / Quatrefages / La Fayette Fagus en latin = hêtre Hêtre
21%
Aucun quiz correspondant
Distribution des résultats
% des personnes avec chaque résultat
Percentile par nombre de réponses
Votre historique - résultats
Vous n’avez pas pris ce quiz